00335nam a22000977a 4500082001200000100001700012245010000029260004100129650002300170700004400193 a200 THE aUmar Farooq  aTH-SOF-1275-Design of a Multi-axis Electro-thermal Micromirror for Optical Coherence Tomography aIslamabadbNUST College of EMEc2016 aMS-MTS-74 MSTHESIS aSupervisor Dr. Muhamad Mubasher Saleem